Statistics for 'Co-' words

Click here to take the quiz!

General Stats

  • This quiz has been taken 26 times
    (25 since last reset)
  • The average score is 8 of 19

Answer Stats

HintAnswer% Correct
Countries that start with CoColombia
88%
Highest US state (by elevation)Colorado
79%
ColleagueCo-worker
79%
Beautifully blue or red element number 27Cobalt
58%
Comoros
58%
Costa Rica
54%
Countries that end with coMexico
54%
Monaco
54%
An ideology that aspires for collective ownership of the means of productionCommunism
50%
A type of bond where atoms share electronsCovalent
46%
Cote d'Ivoire
42%
Morocco
38%
When a fluid changes to a solid or semi-solid stateCoagulate
33%
UK supermarket with most storesCo-Operative
25%
A numerical or constant quantity placed before and multiplying the variable in an algebraic expressionCoefficient
21%
A non-protein chemical compound or metallic ion that is required for a protein's biological activity to happenCofactor or Coenzyme
17%
A head of state of AndorraCo-Prince
8%
A compound analgesic consisting of a combination of codeine phosphate and paracetamolCo-codamol
0%
French for shellCoquillage
0%

Score Distribution

Percentile by Number Answered

Percent of People with Each Score

Your Score History

You have not taken this quiz since the last reset